Správa potravín v mobilnej aplikácii

Salvato in:
Dettagli Bibliografici
Autore principale: Sekerák, Ľuboš (Autore)
Altri autori: Pajpach, Martin (Relatore della tesi)
Natura: Manoscritto Libro
Lingua:slovacco
Pubblicazione: Bratislava : STU v Bratislave FEI, 2023
Soggetti:
Accesso online:https://opac.crzp.sk/?fn=detailBiblioFormChildM12FJC&sid=925BFB95FAA30F229F9BCF019F0C&seo=CRZP-detail-kniha
Tags: Aggiungi Tag
Nessun Tag, puoi essere il primo ad aggiungerne!!

MARC

LEADER 00000ntm a22000003a 4500
001 stuzp91915
003 SK-STU
005 20241113142723.4
007 ta
008 150427s2015----xo-----f-mn---000-0-slo-d
040 |a STU  |b slo 
041 0 |a slo 
044 |a xo 
100 1 |a Sekerák, Ľuboš  |u 030400  |4 aut  |U FEI Fakulta elektrotechniky a informatiky  |T FEI Ústav automobilovej mechatroniky  |X 111435  |U E400  |Y 642  |7 111435 
242 0 1 |a Food management in the mobile application  |y eng 
245 1 0 |a Správa potravín v mobilnej aplikácii 
260 |a Bratislava :  |b STU v Bratislave FEI,  |c 2023 
300 |a 66 s., príl. 
650 4 |a android  |2 slo 
650 4 |a správa potravín  |2 slo 
650 4 |a react native  |2 slo 
650 4 |a mobilná aplikácia  |2 slo 
650 4 |a mobile application  |2 eng 
650 4 |a react native  |2 eng 
650 4 |a food management  |2 eng 
650 4 |a android  |2 eng 
700 1 |a Pajpach, Martin  |u 030400  |k Z3  |4 ths  |U FEI Fakulta elektrotechniky a informatiky  |T FEI Ústav automobilovej mechatroniky  |X 86396  |U E400  |Y 642  |7 86396 
856 4 |u https://opac.crzp.sk/?fn=detailBiblioFormChildM12FJC&sid=925BFB95FAA30F229F9BCF019F0C&seo=CRZP-detail-kniha